000 00629nam a2200277Ia 4500
005 20260324132228.0
008 008 260324s9999 xx 000 0 eng d
020 _a9780203002063
037 _aEBOOK
040 _aCRL
040 _beng
040 _cCRL
041 _2eng
041 _aeng
084 _qCRL
100 _aHelmut Drüke
_91188493
245 0 _aLocal Electronic Government
260 _bTaylor and Francis
260 _c2005
365 _a
365 _b280
856 _uhttp://www.taylorfrancis.com/books/9780203002063
942 _cEBOOK
999 _c1786424
_d1786424